Advanced Machine Learning Technologies and Applications Second International Conference, AMLTA 2014, Cairo, Egypt, November 28-30, 2014. Proceedings /

This book constitutes the refereed proceedings of the Second International Conference on Advanced Machine Learning Technologies and Applications, AMLTA 2014, held in Cairo, Egypt, in November 2014. The 49 full papers presented were carefully reviewed and selected from 101 initial submissions. The pa...

Full description

Bibliographic Details
Corporate Author: SpringerLink (Online service)
Other Authors: Hassanien, Aboul Ella (Editor), Tolba, Mohamed F. (Editor), Taher Azar, Ahmad (Editor)
Format: Electronic eBook
Language:English
Published: Cham : Springer International Publishing : Imprint: Springer, 2014.
Series:Communications in Computer and Information Science, 488
Subjects:
Online Access:Full Text via HEAL-Link
LEADER 03415nam a22005895i 4500
001 978-3-319-13461-1
003 DE-He213
005 20151110031206.0
007 cr nn 008mamaa
008 141104s2014 gw | s |||| 0|eng d
020 |a 9783319134611  |9 978-3-319-13461-1 
024 7 |a 10.1007/978-3-319-13461-1  |2 doi 
040 |d GrThAP 
050 4 |a Q334-342 
050 4 |a TJ210.2-211.495 
072 7 |a UYQ  |2 bicssc 
072 7 |a TJFM1  |2 bicssc 
072 7 |a COM004000  |2 bisacsh 
082 0 4 |a 006.3  |2 23 
245 1 0 |a Advanced Machine Learning Technologies and Applications  |h [electronic resource] :  |b Second International Conference, AMLTA 2014, Cairo, Egypt, November 28-30, 2014. Proceedings /  |c edited by Aboul Ella Hassanien, Mohamed F. Tolba, Ahmad Taher Azar. 
264 1 |a Cham :  |b Springer International Publishing :  |b Imprint: Springer,  |c 2014. 
300 |a XVI, 542 p. 198 illus.  |b online resource. 
336 |a text  |b txt  |2 rdacontent 
337 |a computer  |b c  |2 rdamedia 
338 |a online resource  |b cr  |2 rdacarrier 
347 |a text file  |b PDF  |2 rda 
490 1 |a Communications in Computer and Information Science,  |x 1865-0929 ;  |v 488 
505 0 |a Machine learning in Arabic text recognition and assistive technology -- Recommendation systems for cloud services.- Machine learning in watermarking/authentication and virtual machines -- Features extraction and classification -- Rough/fuzzy sets and applications -- Fuzzy multi-criteria decision making -- Web-based application and case-based reasoning construction -- Social networks and big data sets. 
520 |a This book constitutes the refereed proceedings of the Second International Conference on Advanced Machine Learning Technologies and Applications, AMLTA 2014, held in Cairo, Egypt, in November 2014. The 49 full papers presented were carefully reviewed and selected from 101 initial submissions. The papers are organized in topical sections on machine learning in Arabic text recognition and assistive technology; recommendation systems for cloud services; machine learning in watermarking/authentication and virtual machines; features extraction and classification; rough/fuzzy sets and applications; fuzzy multi-criteria decision making; Web-based application and case-based reasoning construction; social networks and big data sets. 
650 0 |a Computer science. 
650 0 |a Data mining. 
650 0 |a Information storage and retrieval. 
650 0 |a Artificial intelligence. 
650 0 |a Text processing (Computer science). 
650 0 |a Pattern recognition. 
650 1 4 |a Computer Science. 
650 2 4 |a Artificial Intelligence (incl. Robotics). 
650 2 4 |a Data Mining and Knowledge Discovery. 
650 2 4 |a Information Systems Applications (incl. Internet). 
650 2 4 |a Pattern Recognition. 
650 2 4 |a Information Storage and Retrieval. 
650 2 4 |a Document Preparation and Text Processing. 
700 1 |a Hassanien, Aboul Ella.  |e editor. 
700 1 |a Tolba, Mohamed F.  |e editor. 
700 1 |a Taher Azar, Ahmad.  |e editor. 
710 2 |a SpringerLink (Online service) 
773 0 |t Springer eBooks 
776 0 8 |i Printed edition:  |z 9783319134604 
830 0 |a Communications in Computer and Information Science,  |x 1865-0929 ;  |v 488 
856 4 0 |u http://dx.doi.org/10.1007/978-3-319-13461-1  |z Full Text via HEAL-Link 
912 |a ZDB-2-SCS 
950 |a Computer Science (Springer-11645)